000
00278nam a2200109Ia 4500
008
200302s9999 xx 000 0 und d
100
_a
Panos Koulermos
245
_a
20 th Century European Rationalism
260
_b
Academy Editions Group Ltd.
260
_c
1995
300
_a
223 P.,
999
_c
1888
_d
1888